[Event "ODJM C 2018"]
[Site "Willingen GER"]
[Date "2018.05.24"]
[Round "7"]
[White "Werner, Florin"]
[Black "Muhina, Liana"]
[Result "0-1"]
[Termination "normal"]
[Board "11"]
[WhiteElo "1194"]
[BlackElo "1203"]
[PlyCount "60"]
[WhiteFideId "16250230"]
[BlackFideId "16266145"]
[EventCountry "GER"]
[EventRounds "9"]
[EventType "swiss"]
[EventDate "2018.05.19"]

1. e4 d5 2. exd5 Qxd5 3. c4 Qe4+ 4. Ne2 Nc6 5. d3 Qe5 6. Bf4 Qxb2 7. Nd2 e5 8.
Be3 Nd4 9. Rb1 Nc2+ 10. Qxc2 Qxc2 11. g3 Bg4 12. f3 Bf5 13. Rxb7 Bxd3 14. Rxc7
Bxe2 15. Kxe2 Bb4 16. c5 Bxd2 17. Bxd2 e4 18. Bg2 exf3+ 19. Bxf3 Rd8 20. Rd1
Qc4+ 21. Ke1 Nf6 22. Be2 Qd5 23. c6 O-O 24. Bb4 Qh1+ 25. Kf2 Rxd1 26. Bxd1 Qxd1
27. Bxf8 Ng4+ 28. Kg2 Qe2+ 29. Kh3 h5 30. Be7 Qxh2# 0-1

[Event "ODJM C 2018"]
[Site "Willingen GER"]
[Date "2018.05.24"]
[Round "7"]
[White "Shapiro, Danil"]
[Black "Sarian, Gaya"]
[Result "0-1"]
[Termination "normal"]
[Board "12"]
[WhiteElo "1238"]
[BlackElo "1143"]
[PlyCount "120"]
[WhiteFideId "16260015"]
[BlackFideId "16266161"]
[EventCountry "GER"]
[EventRounds "9"]
[EventType "swiss"]
[EventDate "2018.05.19"]

1. e4 e5 2. Bc4 Nc6 3. Nc3 Bc5 4. Qg4 g6 5. d3 d6 6. Qd1 Qf6 7. Nf3 Bg4 8. Nd5
Qd8 9. h3 Be6 10. Bg5 Qd7 11. Nf6+ Nxf6 12. Bxf6 Rg8 13. Bg5 a6 14. O-O Rh8 15.
c3 h6 16. Bd2 g5 17. Nh2 O-O-O 18. Bxe6 Qxe6 19. b4 Bb6 20. Qg4 Qxg4 21. Nxg4
d5 22. Be3 d4 23. cxd4 Bxd4 24. Rae1 Bc3 25. Rd1 Nxb4 26. Nf6 Rxd3 27. Rxd3
Nxd3 28. Nd5 Ba5 29. a3 Nb2 30. Rc1 Kb8 31. Rb1 Nc4 32. Bc5 Nd6 33. Bxd6 cxd6
34. Ne7 Bc7 35. Rd1 b5 36. Nf5 b4 37. Rxd6 b3 38. Rd1 Rd8 39. Rb1 Rd3 40. Ne3
Bb6 41. Nd5 Kb7 42. Kf1 Ba5 43. Rb2 Bd2 44. Nb4 Bxb4 45. axb4 Rd4 46. Rxb3 Rxe4
47. f3 Rc4 48. g4 Rf4 49. Kf2 e4 50. Kg3 Rxf3+ 51. Rxf3 exf3 52. Kxf3 Kb6 53.
Ke4 Kb5 54. Kf5 Kxb4 55. Kf6 a5 56. Kxf7 a4 57. Kg6 a3 58. Kxh6 a2 59. Kxg5
a1=Q 60. Kh5 Qh8+ 0-1

[Event "ODJM C 2018"]
[Site "Willingen GER"]
[Date "2018.05.24"]
[Round "7"]
[White "Butenandt, Albrecht"]
[Black "Zobel, Christian Erik"]
[Result "1-0"]
[Termination "normal"]
[Board "13"]
[WhiteElo "1138"]
[BlackElo "1240"]
[PlyCount "31"]
[WhiteFideId "16213424"]
[BlackFideId "16259068"]
[EventCountry "GER"]
[EventRounds "9"]
[EventType "swiss"]
[EventDate "2018.05.19"]

1. e4 e5 2. Nf3 Nc6 3. Nc3 Bc5 4. Nxe5 Nxe5 5. d4 Bxd4 6. Qxd4 Nc6 7. Qxg7 Qf6
8. Qxf6 Nxf6 9. Bg5 Nh5 10. Be2 Ng7 11. Nd5 Ne6 12. Be3 d6 13. Bg4 Kd7 14. Bg5
h6 15. Bh4 b6 16. Bh5 1-0

[Event "ODJM C 2018"]
[Site "Willingen GER"]
[Date "2018.05.24"]
[Round "7"]
[White "Wilmink, Luca"]
[Black "Reichel, Sara"]
[Result "1-0"]
[Termination "normal"]
[Board "14"]
[WhiteElo "1267"]
[BlackElo "1192"]
[PlyCount "103"]
[WhiteFideId "16245253"]
[BlackFideId "16245130"]
[EventCountry "GER"]
[EventRounds "9"]
[EventType "swiss"]
[EventDate "2018.05.19"]

1. g3 f5 2. Bg2 Nf6 3. d3 e6 4. Bf4 d5 5. Nd2 Nbd7 6. Ngf3 Be7 7. O-O O-O 8.
Re1 Nh5 9. e4 Nxf4 10. gxf4 Nf6 11. e5 Nh5 12. Kh1 Nxf4 13. Rg1 g5 14. Qf1 Kh8
15. d4 Bd7 16. Ne1 Rg8 17. Nd3 g4 18. Nxf4 Bg5 19. Nxe6 Bxe6 20. Nb3 f4 21. Qd3
f3 22. Bf1 Bf4 23. Nc5 Qh4 24. Rg3 Bf7 25. Qf5 Bxg3 26. fxg3 Qh6 27. Qxf7 Raf8
28. Qxd5 b6 29. Ne6 Rc8 30. Nf4 c6 31. Qe4 Qg5 32. Bd3 Qh6 33. c3 Rc7 34. Ne6
Qxe6 35. Kg1 Qd5 36. Qf5 Qf7 37. Qxf7 Rxf7 38. Bc4 Re7 39. Bxg8 Kxg8 40. Re1
Kf7 41. Re4 h5 42. Rf4+ Ke6 43. Rf6+ Kd5 44. Rd6+ Ke4 45. Rxc6 Kd5 46. Rh6 Rg7
47. Rxh5 Ke6 48. Kf2 Kd5 49. Rh6 Ke4 50. Rd6 Re7 51. Rh6 Kf5 52. h3 1-0

[Event "ODJM C 2018"]
[Site "Willingen GER"]
[Date "2018.05.24"]
[Round "7"]
[White "Reyher, Bastian"]
[Black "Pham, Anh Tuan"]
[Result "0-1"]
[Termination "normal"]
[Board "15"]
[WhiteElo "1137"]
[BlackElo "1149"]
[PlyCount "60"]
[WhiteFideId "12927465"]
[BlackFideId "16245229"]
[EventCountry "GER"]
[EventRounds "9"]
[EventType "swiss"]
[EventDate "2018.05.19"]

1. e4 e5 2. Bc4 Nc6 3. d3 h6 4. Nc3 Bb4 5. Nge2 Nf6 6. O-O d6 7. f4 Bg4 8. Qe1
Bc5+ 9. Kh1 Bxe2 10. Nxe2 Qe7 11. Qg3 O-O-O 12. Qh3+ Kb8 13. Nc3 Nb4 14. Bb3 g5
15. f5 c6 16. a3 Na6 17. Be3 Rdg8 18. Bd2 h5 19. g3 Ng4 20. Be1 Qd7 21. Rd1 Ne3
22. Rf3 g4 23. Qh4 Nxd1 24. Rf1 Ne3 25. Rf2 d5 26. Rd2 Be7 27. f6 Bc5 28. Bf2
dxe4 29. Bxe3 Bxe3 30. Re2 Bg5 0-1

[Event "ODJM C 2018"]
[Site "Willingen GER"]
[Date "2018.05.24"]
[Round "7"]
[White "Hernando, Leonard"]
[Black "Borgstädt, Leif"]
[Result "1/2-1/2"]
[Termination "normal"]
[Board "16"]
[WhiteElo "1107"]
[BlackElo "1175"]
[PlyCount "102"]
[WhiteFideId "16266170"]
[BlackFideId "16266153"]
[EventCountry "GER"]
[EventRounds "9"]
[EventType "swiss"]
[EventDate "2018.05.19"]

1. e4 e5 2. Nf3 Nf6 3. Nxe5 d6 4. Nf3 Nxe4 5. c4 Nf6 6. d4 c6 7. Bf4 d5 8. Nc3
Bb4 9. Bd3 O-O 10. O-O Bg4 11. a3 Bd6 12. Be2 Bxf4 13. h3 Bh5 14. Nd2 Bxe2 15.
Qxe2 Re8 16. Qd3 Bxd2 17. Qxd2 Nbd7 18. b3 Ne4 19. Nxe4 Rxe4 20. Qd3 Nf6 21.
Rfd1 Qd7 22. Ra2 Rae8 23. Rad2 Qd6 24. Qf1 c5 25. cxd5 Qxd5 26. dxc5 Qxc5 27.
a4 Qc7 28. Rc1 Qxc1 29. Qxc1 Re1+ 30. Qxe1 Rxe1+ 31. Kh2 h6 32. b4 Rb1 33. b5
Ra1 34. Rd4 Ra2 35. f3 a6 36. b6 Rb2 37. a5 Ra2 38. Rd8+ Kh7 39. Rb8 Rxa5 40.
Rxb7 Rb5 41. Rb8 Kg6 42. b7 Nd7 43. Ra8 a5 44. g4 Kf6 45. Ra6+ Ke7 46. Kg3 Nc5
47. Rxa5 Rxb7 48. Rxc5 g5 49. Rf5 f6 50. h4 Kf7 51. h5 Kg7 1/2-1/2

[Event "ODJM C 2018"]
[Site "Willingen GER"]
[Date "2018.05.24"]
[Round "7"]
[White "Zalomska, Nikola"]
[Black "Sieber, Cassandra"]
[Result "1/2-1/2"]
[Termination "normal"]
[Board "17"]
[WhiteElo "1174"]
[BlackElo "1001"]
[PlyCount "115"]
[WhiteFideId "16241290"]
[BlackFideId "16266218"]
[EventCountry "GER"]
[EventRounds "9"]
[EventType "swiss"]
[EventDate "2018.05.19"]

1. e4 e5 2. Nf3 Nc6 3. Bc4 Nf6 4. d3 d5 5. exd5 Nxd5 6. a4 Bg4 7. O-O Be7 8.
Nbd2 O-O 9. c3 Qd7 10. Qe1 Bf6 11. Bxd5 Qxd5 12. Qe4 Qxe4 13. dxe4 Rad8 14. h3
Be6 15. Re1 Na5 16. b4 Nc4 17. Nxc4 Bxc4 18. Be3 a6 19. Rac1 Rfe8 20. g4 Bd3
21. Bd2 h6 22. a5 b5 23. Kh2 Rc8 24. h4 c5 25. Kg3 cxb4 26. cxb4 Rxc1 27. Bxc1
Bd8 28. Bb2 f6 29. Re3 Bc4 30. Nd2 Be6 31. Bc3 g5 32. h5 Be7 33. f3 Rc8 34. Kf2
Bc4 35. Ke1 Be6 36. Rd3 Rc6 37. Kd1 Rd6 38. Rxd6 Bxd6 39. Ke2 Kf8 40. Ke3 Ke8
41. Nf1 Bc4 42. Ng3 Bb3 43. Kd2 Kd7 44. Nf5 Bf8 45. Ne3 Kc6 46. Kc1 Bc4 47. Kd2
Ba2 48. Kd3 Kd6 49. Nf5+ Kc6 50. Be1 Bc4+ 51. Ke3 Be6 52. Ng3 Bc4 53. Bd2 Bb3
54. Kd3 Bc4+ 55. Kc3 Kc7 56. Be3 Kc6 57. Bb6 Kd7 58. Ba7 1/2-1/2

[Event "ODJM C 2018"]
[Site "Willingen GER"]
[Date "2018.05.24"]
[Round "7"]
[White "Altgelt, Helene"]
[Black "Guo, Jacob Tingshen"]
[Result "1/2-1/2"]
[Termination "normal"]
[Board "18"]
[WhiteElo "1199"]
[BlackElo "1108"]
[PlyCount "73"]
[WhiteFideId "16232020"]
[BlackFideId "16245245"]
[EventCountry "GER"]
[EventRounds "9"]
[EventType "swiss"]
[EventDate "2018.05.19"]

1. e4 e5 2. Nf3 Nc6 3. d4 exd4 4. Nxd4 Nf6 5. Nc3 Bb4 6. Nxc6 bxc6 7. Bd3 d5 8.
exd5 cxd5 9. O-O O-O 10. Bg5 h6 11. Bxf6 Qxf6 12. Nxd5 Qd6 13. Nxb4 Qxb4 14. b3
Qc5 15. Qf3 Rb8 16. Rfe1 Be6 17. c3 Kh8 18. Bc2 Rbd8 19. Rad1 Qg5 20. h3 Rd2
21. Rxd2 Qxd2 22. Re2 Qd8 23. Qd3 Qxd3 24. Bxd3 Rd8 25. Bc2 Rd6 26. Kh2 g5 27.
g4 Kg7 28. Kg3 Kf6 29. h4 Ra6 30. Bd3 Rd6 31. hxg5+ hxg5 32. Bc2 Ra6 33. Bb1
Rc6 34. Re3 Rd6 35. Rd3 Rc6 36. f4 Rc5 37. Bc2 1/2-1/2

[Event "ODJM C 2018"]
[Site "Willingen GER"]
[Date "2018.05.24"]
[Round "7"]
[White "Zinnikus, Elias"]
[Black "Foos, Vanessa"]
[Result "1-0"]
[Termination "normal"]
[Board "19"]
[WhiteElo "944"]
[BlackElo "1171"]
[PlyCount "161"]
[WhiteFideId "16245024"]
[BlackFideId "16245270"]
[EventCountry "GER"]
[EventRounds "9"]
[EventType "swiss"]
[EventDate "2018.05.19"]

1. Nf3 d5 2. d4 Nf6 3. c4 e6 4. Bg5 Be7 5. e3 c6 6. Nc3 Nbd7 7. Bd3 O-O 8. O-O
b6 9. Rc1 Bb7 10. Re1 Rc8 11. Qc2 c5 12. cxd5 cxd4 13. exd4 Bxd5 14. Qe2 h6 15.
Bh4 Nh5 16. Bxe7 Qxe7 17. Nxd5 Qd8 18. Rxc8 Nf4 19. Rxd8 Nxe2+ 20. Rxe2 Rxd8
21. Ne7+ Kf8 22. Nc6 Rc8 23. Nxa7 Ra8 24. Nb5 Rxa2 25. b4 Ra4 26. Rb2 f5 27. h3
Ke7 28. Ne5 Nf6 29. Bc2 Ra1+ 30. Kh2 Nd5 31. Rb1 Rxb1 32. Bxb1 Nxb4 33. Kg3 g5
34. Kf3 Kf6 35. Nd3 Nc6 36. g3 Ke7 37. Ne5 Nb4 38. g4 f4 39. Be4 Na2 40. Bc6
Nb4 41. Ke4 Kf6 42. f3 Na2 43. d5 exd5+ 44. Kxd5 Nc1 45. Nd7+ Kg6 46. Nd4 Nd3
47. Nf5 Nf2 48. h4 gxh4 49. Nxh4+ { laut beiden Partieformularen folgte nun
49...Sh1 50. She5+ Kg5} 49... Kg5 50. Ne5 Nh1 51. Nhg6 Ng3 52. Be8 Nf1 53. Kc6
Nd2 54. Kxb6 Nxf3 55. Nxf3+ Kxg4 56. Ngh4 Kg3 57. Kc5 h5 58. Bxh5 Kf2 59. Kd4
Ke2 60. Ke4 Kd1 61. Kxf4 Kc2 62. Ke4 Kc3 63. Bf7 Kb4 64. Kd4 Kb5 65. Ne5 Kb4
66. Nhf3 Kb5 67. Nd2 Kb4 68. Bc4 Ka3 69. Kc3 Ka4 70. Nb1 Ka5 71. Nd7 Ka4 72.
Bd3 Ka5 73. Kc4 Ka6 74. Be4 Ka5 75. Nc3 Ka6 76. Kc5 Ka7 77. Bd5 Ka6 78. Na4 Ka5
79. Nb2 Ka6 80. Nc4 Ka7 81. Kc6 1-0

[Event "ODJM C 2018"]
[Site "Willingen GER"]
[Date "2018.05.24"]
[Round "7"]
[White "Schulz, Jonas"]
[Black "Herbertz, Daria"]
[Result "1-0"]
[Termination "normal"]
[Board "20"]
[WhiteElo "1078"]
[BlackElo "1394"]
[PlyCount "63"]
[WhiteFideId "16245172"]
[BlackFideId "16222989"]
[EventCountry "GER"]
[EventRounds "9"]
[EventType "swiss"]
[EventDate "2018.05.19"]

1. e4 e5 2. Nf3 Nc6 3. Bc4 Bc5 4. c3 Nf6 5. d4 exd4 6. cxd4 Bb4+ 7. Nc3 O-O 8.
O-O Bxc3 9. bxc3 Nxe4 10. Re1 d5 11. Ba3 Re8 12. Bd3 Nxc3 13. Rxe8+ Qxe8 14.
Qc2 Ne4 15. Re1 Bf5 16. Nh4 Qe6 17. f3 Nxd4 18. Qxc7 Nxf3+ 19. Nxf3 Qc6 20. Qe5
Qb6+ 21. Nd4 g6 22. Bc1 Qb4 23. Nc2 Qb6+ 24. Be3 Nc5 25. Bxf5 gxf5 26. Qg3+ Kh8
27. Bd4+ f6 28. Qh4 Rf8 29. Qh6 Kg8 30. Re7 Qb1+ 31. Ne1 f4 32. Qg7# 1-0

[Event "ODJM C 2018"]
[Site "Willingen GER"]
[Date "2018.05.24"]
[Round "7"]
[White "Conrad, Max"]
[Black "Burger, Daiana"]
[Result "1/2-1/2"]
[Termination "normal"]
[Board "21"]
[WhiteElo "1013"]
[BlackElo "939"]
[PlyCount "43"]
[WhiteFideId "16265572"]
[BlackFideId "16217233"]
[EventCountry "GER"]
[EventRounds "9"]
[EventType "swiss"]
[EventDate "2018.05.19"]

1. d4 d5 2. Nf3 Nf6 3. e3 Bf5 4. Bd3 Bxd3 5. Qxd3 e6 6. b3 Nc6 7. Bb2 Nb4 8.
Qd1 c5 9. Nbd2 Rc8 10. c4 Nd3+ 11. Ke2 Ne4 12. Nxe4 dxe4 13. Ne5 Nxb2 14. Qc2
cxd4 15. Qxb2 d3+ 16. Kd1 Qf6 17. f4 exf3 18. gxf3 Bd6 19. f4 Rc5 20. Qa3 O-O
21. Rb1 Rc6 22. Qb2 1/2-1/2

[Event "ODJM C 2018"]
[Site "Willingen GER"]
[Date "2018.05.24"]
[Round "7"]
[White "Wellßow, Lio Keanu"]
[Black "Matiashvili, Alexander Michael"]
[Result "0-1"]
[Termination "normal"]
[Board "22"]
[WhiteElo "1004"]
[BlackElo "847"]
[PlyCount "70"]
[WhiteFideId "16252837"]
[BlackFideId "16266242"]
[EventCountry "GER"]
[EventRounds "9"]
[EventType "swiss"]
[EventDate "2018.05.19"]

1. e4 e5 2. Bc4 Nf6 3. Nc3 Nc6 4. Nf3 Bc5 5. d3 h6 6. Bd2 O-O 7. Bd5 d6 8. h3
Be6 9. O-O Qe7 10. Qc1 Kh7 11. Nh4 Nxd5 12. Nxd5 Bxd5 13. exd5 Nd4 14. c3 Ne2+
15. Kh1 Nxc1 16. Nf5 Qf6 17. Ng3 Nxd3 18. Ne4 Qf5 19. Ng3 Nxf2+ 20. Kh2 Qg6 21.
Rae1 Nd3 22. Re2 f5 23. b4 Bf2 24. Rfxf2 Nxf2 25. Rxf2 f4 26. Ne2 Rf7 27. Rf3
Raf8 28. g3 fxg3+ 29. Rxg3 Qf5 30. Be1 Qf1 31. Rg2 Qxe1 32. Ng1 Rf2 33. c4
Rxg2+ 34. Kxg2 Rf2+ 35. Kh1 Rf1 0-1

[Event "ODJM C 2018"]
[Site "Willingen GER"]
[Date "2018.05.24"]
[Round "7"]
[White "Haug, Mara"]
[Black "Vianden, Ella"]
[Result "1-0"]
[Termination "normal"]
[Board "23"]
[WhiteElo "938"]
[BlackElo "1044"]
[PlyCount "85"]
[WhiteFideId "16259300"]
[BlackFideId "16235592"]
[EventCountry "GER"]
[EventRounds "9"]
[EventType "swiss"]
[EventDate "2018.05.19"]

1. e4 e5 2. Nf3 Nc6 3. Bc4 Nf6 4. Ng5 d5 5. exd5 Nd4 6. d6 Qxd6 7. Bxf7+ Ke7 8.
Bc4 Ke8 9. Nc3 Be6 10. Bb3 Rd8 11. d3 Kd7 12. Be3 Nxb3 13. axb3 a6 14. O-O Kc8
15. d4 h6 16. Nge4 Nxe4 17. Nxe4 Qd5 18. Nc5 exd4 19. Qxd4 Qxd4 20. Bxd4 Bf5
21. Be3 Bxc2 22. b4 Be7 23. b5 Bxc5 24. Bxc5 Rd5 25. b4 Bd3 26. Rfd1 Rhd8 27.
bxa6 Bxa6 28. Rdc1 b6 29. Bxb6 R8d7 30. h3 Bb7 31. Be3 R7d6 32. Bf4 Rg6 33.
Rxc7+ Kb8 34. Rxg7+ Rgd6 35. Bxd6+ Rxd6 36. b5 Re6 37. Rb1 Rd6 38. b6 Re6 39.
Rg8+ Bc8 40. b7 Rc6 41. bxc8=Q+ Ka7 42. Rg7+ Rc7 43. Rxc7# 1-0

[Event "ODJM C 2018"]
[Site "Willingen GER"]
[Date "2018.05.24"]
[Round "7"]
[White "Hornstein, Leonhard"]
[Black "Yang, Marco"]
[Result "1-0"]
[Termination "normal"]
[Board "24"]
[WhiteElo "934"]
[BlackElo "1026"]
[PlyCount "83"]
[WhiteFideId "16254643"]
[BlackFideId "16254260"]
[EventCountry "GER"]
[EventRounds "9"]
[EventType "swiss"]
[EventDate "2018.05.19"]

1. e4 c5 2. Nf3 d6 3. Bc4 Nf6 4. d3 g6 5. Be3 Bg7 6. Nc3 O-O 7. Qd2 Ng4 8. Bf4
Be6 9. Bb5 {Springer muss auf c6 stehen da Springer d4 folgt} Nc6 10. -- Nd4
11. Nxd4 Bxd4 12. Rf1 Bg7 13. O-O-O a6 14. Bc4 b5 15. Bxe6 fxe6 16. Be3 Nxe3
17. fxe3 Rb8 18. d4 c4 19. Ne2 a5 20. Rxf8+ Kxf8 21. Rf1+ Kg8 22. d5 e5 23. Kb1
b4 24. Nc1 a4 25. c3 Qa5 26. cxb4 Rxb4 27. a3 Rb5 28. Qxa5 Rxa5 29. Kc2 Bh6 30.
Rf3 Bg5 31. Ne2 Bf6 32. Kc3 Kf8 33. g4 Ke8 34. Kxc4 Kd7 35. Nc3 Rc5+ 36. Kb4
Kc7 37. Nxa4 Rc2 38. h3 Rh2 39. Nc3 Rxb2+ 40. Kc4 Kd7 41. a4 e6 42. Rxf6 1-0

[Event "ODJM C 2018"]
[Site "Willingen GER"]
[Date "2018.05.24"]
[Round "7"]
[White "Margaryan, Venera"]
[Black "Bone, Franziska"]
[Result "0-1"]
[Termination "normal"]
[Board "25"]
[WhiteElo "991"]
[BlackElo "920"]
[PlyCount "98"]
[WhiteFideId "16266226"]
[BlackFideId "16261488"]
[EventCountry "GER"]
[EventRounds "9"]
[EventType "swiss"]
[EventDate "2018.05.19"]

1. e4 e5 2. Nf3 Nc6 3. Bb5 a6 4. Ba4 Nf6 5. Nc3 Bc5 6. O-O O-O 7. d3 h6 8. Bd2
d6 9. h3 Be6 10. Re1 Re8 11. a3 b5 12. Bb3 Bxb3 13. cxb3 b4 14. axb4 Nxb4 15.
Be3 Bxe3 16. Rxe3 d5 17. exd5 Nfxd5 18. Rxe5 Rxe5 19. Nxe5 Qg5 20. d4 Nf4 21.
Qf3 f6 22. Qxa8+ Kh7 23. Nf7 Qh5 24. Qe4+ Ng6 25. Ra4 a5 26. Ra1 Na6 27. Rc1 f5
28. Qe8 Nf4 29. Re1 c5 30. d5 Nc7 31. Qd7 Qg6 32. g3 Nxh3+ 33. Kg2 Nf4+ 34. Kf1
Qh5 35. gxf4 Na6 36. d6 Nb4 37. Qc7 Nd3 38. d7 Qh4 39. Kg2 Qxf2+ 40. Kh1 Qxe1+
41. Kh2 Qf2+ 42. Kh1 Qf1+ 43. Kh2 Qf2+ 44. Kh3 Qf3+ 45. Kh2 Qh5+ 46. Kg1 Qg4+
47. Kf1 Qf3+ 48. Kg1 Ne1 49. Ng5+ hxg5 0-1

[Event "ODJM C 2018"]
[Site "Willingen GER"]
[Date "2018.05.24"]
[Round "7"]
[White "Wagner, Xaver Korbinian"]
[Black "Grunert, Heinrich"]
[Result "0-1"]
[Termination "normal"]
[Board "26"]
[WhiteElo "1127"]
[BlackElo "1212"]
[PlyCount "34"]
[BlackFideId "16213416"]
[EventCountry "GER"]
[EventRounds "9"]
[EventType "swiss"]
[EventDate "2018.05.19"]

1. e4 e5 2. Nf3 Nc6 3. Bc4 Bc5 4. Nc3 Nf6 5. Ng5 O-O 6. Nxf7 Rxf7 7. d3 d6 8.
Bg5 h6 9. Bxf6 Qxf6 10. Qe2 Be6 11. Nd5 Qd8 12. Nxc7 Qxc7 13. Bxe6 Nd4 14.
Bxf7+ Qxf7 15. Qd2 Qg6 16. O-O Nf3+ 17. Kh1 Nxd2 0-1

[Event "ODJM C 2018"]
[Site "Willingen GER"]
[Date "2018.05.24"]
[Round "7"]
[White "Grozea, Nicolae Theodor"]
[Black "Ahrens, Merle"]
[Result "0-1"]
[Termination "normal"]
[Board "27"]
[WhiteElo "972"]
[BlackElo "1008"]
[PlyCount "98"]
[WhiteFideId "16266234"]
[BlackFideId "16266200"]
[EventCountry "GER"]
[EventRounds "9"]
[EventType "swiss"]
[EventDate "2018.05.19"]

1. e4 e5 2. Nf3 Nc6 3. Nc3 Bc5 4. Nxe5 Nxe5 5. d4 Bxd4 6. Qxd4 d6 7. Bc4 c5 8.
Bb5+ Kf8 9. Qa4 Nf6 10. Bf4 Qe7 11. O-O-O h6 12. Rd2 Kg8 13. Rhd1 Kh7 14. Rxd6
b6 15. Rxb6 axb6 16. Qxa8 Bg4 17. Qa6 Bxd1 18. Kxd1 Neg4 19. f3 Rd8+ 20. Kc1
Ne5 21. Qxb6 Rd6 22. Qxc5 Rd1+ 23. Kxd1 Qxc5 24. a4 Nc4 25. Kc1 Qg1+ 26. Nd1
Nxb2 27. Kxb2 Qxd1 28. a5 Qd8 29. a6 Qb6 30. c4 g5 31. Be5 Kg7 32. Kc3 h5 33.
Bd4 Qa5+ 34. Kd3 Kg6 35. a7 Qa3+ 36. Kc2 Qa2+ 37. Kc1 Qa3+ 38. Kb1 Qd3+ 39. Ka2
Qxd4 40. a8=Q Qf2+ 41. Kb3 Qxg2 42. e5 g4 43. exf6 gxf3 44. c5 Qh3 45. Qg8+
Kxf6 46. Qg1 f2+ 47. Ka4 fxg1=Q 48. c6 Qa1+ 49. Kb4 Qhc3# 0-1

[Event "ODJM C 2018"]
[Site "Willingen GER"]
[Date "2018.05.24"]
[Round "7"]
[White "Trenkelbach, Cassian Karl"]
[Black "Basovskiy, Michael"]
[Result "1-0"]
[Termination "normal"]
[Board "28"]
[WhiteElo "1076"]
[BlackElo "937"]
[PlyCount "47"]
[WhiteFideId "16266188"]
[BlackFideId "16258754"]
[EventCountry "GER"]
[EventRounds "9"]
[EventType "swiss"]
[EventDate "2018.05.19"]

1. e4 c5 2. Nc3 e6 3. Nf3 Nf6 4. e5 Nd5 5. Nxd5 exd5 6. d4 Nc6 7. Bb5 cxd4 8.
Bxc6 dxc6 9. Nxd4 Bc5 10. Nb3 Bb6 11. Nd2 O-O 12. Nf3 Re8 13. O-O Bg4 14. h3
Bxf3 15. Qxf3 Rxe5 16. Qg3 Re6 17. b3 Rg6 18. Qe5 Bc7 19. Qd4 Rg5 20. Bxg5 Qxg5
21. Qg4 Qe5 22. f4 Qd4+ 23. Kh1 Re8 24. Qd7 1-0

[Event "ODJM C 2018"]
[Site "Willingen GER"]
[Date "2018.05.24"]
[Round "7"]
[White "Ahrens, Malte"]
[Black "Jagodzinsky, Lukas"]
[Result "0-1"]
[Termination "normal"]
[Board "29"]
[WhiteElo "1046"]
[BlackElo "840"]
[PlyCount "100"]
[WhiteFideId "16266196"]
[BlackFideId "16233255"]
[EventCountry "GER"]
[EventRounds "9"]
[EventType "swiss"]
[EventDate "2018.05.19"]

1. e4 e5 2. b3 Nf6 3. Bd3 Bc5 4. Bb2 Nc6 5. h3 d5 6. Nc3 d4 7. Nce2 Nb4 8. Nf3
Nxd3+ 9. cxd3 Bd6 10. Ng5 O-O 11. Ng3 b6 12. O-O Ba6 13. Qe2 h6 14. Nf3 Bb4 15.
Rac1 Re8 16. a3 Bd6 17. Nf5 Nh5 18. N3xd4 exd4 19. Qxh5 Qg5 20. Qxg5 hxg5 21.
Nxd4 Bxd3 22. Rfe1 Rxe4 23. Rxe4 Bxe4 24. Nb5 Bf4 25. Nxc7 Bxc7 26. Rxc7 Rd8
27. Bc3 Bc2 28. Rxa7 Bxb3 29. Rb7 Bd5 30. Rxb6 Re8 31. d4 Rc8 32. Bb2 Rc2 33.
a4 Rd2 34. a5 Rd1+ 35. Kh2 Rd2 36. f3 f5 37. Kg1 g4 38. Rb8+ Kh7 39. Bc3 Rc2
40. Rd8 g3 41. Kf1 Bc4+ 42. Ke1 Rxc3 43. d5 Kg6 44. Rd6+ Kg5 45. Rd7 Kf4 46.
Rxg7 Ke3 47. Re7+ Kd3 48. Kf1 Kd2+ 49. Re2+ Bxe2+ 50. Kg1 Rc1# 0-1

[Event "ODJM C 2018"]
[Site "Willingen GER"]
[Date "2018.05.25"]
[Round "8"]
[White "Wellßow, Keoki"]
[Black "Noever, Jonas"]
[Result "0-1"]
[Termination "normal"]
[Board "1"]
[WhiteElo "1490"]
[BlackElo "1204"]
[WhiteClock "00:03:13"]
[BlackClock "00:09:47"]
[PlyCount "66"]
[WhiteFideId "16251075"]
[BlackFideId "16266137"]
[EventCountry "GER"]
[EventRounds "9"]
[EventType "swiss"]
[EventDate "2018.05.19"]

1. Nf3 {[%clk 1:30:28]} 1... d5 {[%clk 1:30:44]} 2. d4 {[%clk 1:29:05]} 2...
Nf6 {[%clk 1:30:39]} 3. Bf4 {[%clk 1:28:54]} 3... c5 {[%clk 1:30:17]} 4. e3 {
[%clk 1:27:36]} 4... Qb6 {[%clk 1:28:59]} 5. b3 {[%clk 1:19:11]} 5... Bf5 {
[%clk 1:26:24]} 6. c4 {[%clk 1:09:51]} 6... Nc6 {[%clk 1:22:08]} 7. Bd3 { [%clk
1:02:47]} 7... Qb4+ {[%clk 1:21:05]} 8. Ke2 {[%clk 0:59:18]} 8... Bg4 { [%clk
1:19:32]} 9. Re1 {[%clk 0:56:41]} 9... cxd4 {[%clk 1:17:08]} 10. exd4 { [%clk
0:55:46]} 10... Nxd4+ {[%clk 1:17:27]} 11. Kf1 {[%clk 0:55:51]} 11... Nxf3
{[%clk 1:13:50]} 12. gxf3 {[%clk 0:53:18]} 12... Bh3+ {[%clk 1:13:53]} 13. Kg1
{[%clk 0:53:21]} 13... dxc4 {[%clk 1:11:33]} 14. Bxc4 {[%clk 0:50:56]} 14... e6
{[%clk 1:09:17]} 15. Qd2 {[%clk 0:45:01]} 15... Qxd2 {[%clk 1:05:51]} 16. Nxd2
{[%clk 0:44:18]} 16... a6 {[%clk 1:04:02]} 17. Ne4 {[%clk 0:43:09]} 17... Be7
{[%clk 0:54:47]} 18. Nd6+ {[%clk 0:38:46]} 18... Bxd6 19. Bxd6 { [%clk
0:38:44]} 19... Rd8 {[%clk 0:53:03]} 20. Bb4 {[%clk 0:36:59]} 20... Nd5 { [%clk
0:50:28]} 21. Bc5 {[%clk 0:33:42]} 21... b6 {[%clk 0:38:12]} 22. Bxd5 { [%clk
0:31:11]} 22... Rxd5 {[%clk 0:37:27]} 23. Be3 {[%clk 0:29:49]} 23... Rf5 {[%clk
0:35:02]} 24. Rac1 {[%clk 0:24:17]} 24... O-O {[%clk 0:33:01]} 25. Rc6 { [%clk
0:22:54]} 25... Rd8 {[%clk 0:24:39]} 26. f4 {[%clk 0:15:15]} 26... Rf6 { [%clk
0:18:19]} 27. f5 {[%clk 0:09:09]} 27... Rxf5 {[%clk 0:16:42]} 28. Rec1 { [%clk
0:06:55]} 28... Rfd5 {[%clk 0:11:09]} 29. Rc8 {[%clk 0:06:04]} 29... b5 { [%clk
0:09:51]} 30. f3 {[%clk 0:04:17]} 30... e5 {[%clk 0:09:23]} 31. Rxd8+ { [%clk
0:03:27]} 31... Rxd8 {[%clk 0:09:46]} 32. Rc6 {[%clk 0:03:31]} 32... Ra8 {[%clk
0:09:33]} 33. Ba7 {[%clk 0:03:13]} 33... Rxa7 {[%clk 0:09:47]} 0-1